| 000 | 01568nam0a2200313 4500 | ||
|---|---|---|---|
| 001 | RU\NLR\bibl\960712 | ||
| 005 | 20250614204048.0 | ||
| 010 |
_a5-7568-0502-8 _975 |
||
| 021 |
_aRU _b2006-24871 _91241 |
||
| 035 | _a(NLR Aleph) 000948746 | ||
| 090 |
_a266166 _c266166 |
||
| 100 | _a20060620d2005 |||y0rusy50 ca | ||
| 101 | 0 | _arus | |
| 102 | _aRU | ||
| 105 | _aa ||||||||| | ||
| 200 | 1 |
_aСовременные проблемы науки в машиностроении _eучебное пособие _e[для магистров техники и технологии по направлению 552900 -Технология, оборудование и автоматизация машиностроительных производств] _fН.И. Дятчин _gМ-во образования и науки Рос. Федерации, Алт. гос. техн. ун-т им. И.Н. Ползунова |
|
| 210 |
_aБарнаул _cИзд-во АлтГТУ _d2005 |
||
| 215 |
_a166 с. _cил. _d21 |
||
| 320 | _aБиблиогр.: с. 163-165 (52 назв.) | ||
| 606 | 1 |
_aМашиностроение _jУчебные издания для высших учебных заведений _xНаучно-исследовательская работа _92166867 _3RU\NLR\auth\661303717 |
|
| 686 | _aК4е(2)я73-1 | ||
| 700 | 1 |
_aДятчин _bН. И. _gНиколай Иванович _4070 |
|
| 801 | 0 |
_aRU _bNLR _c20060620 _grcr |
|
| 801 | 1 |
_aRU _bNLR _c20060620 |
|
| 830 | _aавт. по кн. | ||
| 942 | _cBOOK | ||
| 980 | _aNB | ||
| 980 | _aNBR | ||